Australia Kangaroos players 2013-2019 - Statistics

General Stats
  • This quiz has been taken 4 times
  • The average score is 20 of 46
Answer Stats
Hint Answer % Correct
Rabbitohs (1) Cameron Murray
100%
Roosters, Rabbitohs (3) Latrell Mitchell
100%
Storm (3) Cameron Munster
75%
Sea Eagles (7) Jake Trbojevic
75%
Storm, Warriors, Roosters, Sharks, Panthers (3) James Maloney
75%
Tigers, Roosters (3) James Tedesco
75%
Storm, Cowboys (8) Jordan McLean
75%
Broncos (2) Payne Haas
75%
Sea Eagles (4) Tom Trbojevic
75%
Sharks, Cowboys (10) Valentine Holmes
75%
Panthers, Sharks (8) Wade Graham
75%
Tigers, Bulldogs, Sharks, Dragons, Sea Eagles (18) Aaron Woods
50%
Tigers, Sharks, (7) Andrew Fifita
50%
Broncos, Dragons (7) Ben Hunt
50%
Sharks, Raiders, Roosters, Eels (7) Blake Ferguson
50%
Roosters (20) Boyd Cordner
50%
Dragons, Bulldogs, Rabbitohs (3) Damien Cook
50%
Broncos, Knights, Rabbitohs (8) Dane Gagai
50%
Roosters (1) Daniel Tupou
50%
Bulldogs, Knights, Tigers (18) David Klemmer
50%
Storm, Dolphins (4) Felise Kaufusi
50%
Storm, Bulldogs (3) Josh Addo-Carr
50%
Raiders (11) Josh Papali'i
50%
Storm, Cowboys (2) Justin O'Neill
50%
Broncos (12) Matt Gillett
50%
Panthers, Eels (5) Reagan Campbell-Gillard
50%
Sharks, Dragons, Knights (10) Tyson Frizell
50%
Roosters, Knights (1) Aiden Guerra
25%
Rabbitohs, Sea Eagles, Warriors (4) Dylan Walker
25%
Raiders, Rabbioths (3) Jack Wighton
25%
Broncos, Cowboys, Dragons (8) Josh McGuire
25%
Rabbitohs, Roosters (3) Luke Keary
25%
Cowboys (12) Michael Morgan
25%
Raiders, Bulldogs (3) Nick Cotric
25%
Raiders, Dragons, Bulldogs (2) Paul Vaughan
25%
Eels (1) Semi Radradra
25%
Raiders, Titans (5) Shannon Boyd
25%
Storm, Sharks (7) Will Chambers
25%
Rabbitohs (1) Alex Johnston
0%
Roosters (1) Jake Friend
0%
Raiders, Dragons, Sharks (12) Josh Dugan
0%
Bulldogs (2) Josh Jackson
0%
Panthers, Rabbitohs (7) Josh Mansour
0%
Panthers, Sharks (1) Matt Moylan
0%
Knights (3) Sione Mata'utia
0%
Dragons, Panthers (7) Trent Merrin
0%
No matching quizzes found
Score Distribution
Percent of People with Each Score
Percentile by Number Answered
Your Score History
You have not taken this quiz